Songtext "Goodbye my lover" von James Blunt - Statistiken

Allgemein
  • Dieses Quiz wurde 66 mal gespielt
  • Das Durchschnittsergebnis liegt bei 252 aus 364
Antwortstatistiken
Antwort % Korrekt
my
100%
My
100%
you
100%
You
100%
Goodbye
97%
love
97%
I
95%
the
95%
a
92%
be
92%
friend
92%
lover
92%
me
92%
by
89%
for
89%
have
89%
and
86%
And
86%
been
86%
on
86%
one
86%
So
78%
so
78%
It
76%
it
76%
we
76%
to
73%
Did
70%
let
70%
or
70%
your
70%
disappoint
68%
heart
68%
when
68%
When
68%
down
65%
had
65%
in
65%
In
65%
end
62%
soul
62%
feeling
59%
saw
59%
Should
59%
knew
57%
am
54%
Cause
54%
guilty
54%
is
54%
life
54%
live
54%
were
54%
we're
54%
all
51%
here
51%
that
51%
took
51%
Took
51%
was
51%
with
51%
won
51%
before
49%
blind
49%
it's
49%
know
49%
mine
49%
there
49%
will
49%
begun
46%
but
46%
hand
46%
hollow
46%
I'm
46%
out
46%
as
43%
if
43%
judges
43%
night
43%
touched
43%
us
43%
Yes
43%
baby
41%
frown
41%
hold
41%
into
41%
over
41%
smile
41%
time
41%
what's
41%
won't
41%
can't
38%
I've
38%
seen
38%
stop
38%
well
38%
without
38%
addicted
35%
care
35%
Changed
35%
dreamer
35%
kissed
35%
lips
35%
of
35%
only
35%
remember
35%
Remember
35%
still
35%
take
35%
true
35%
you'd
35%
at
32%
blinded
32%
break
32%
child
32%
cry
32%
dreams
32%
eternal
32%
may
32%
move
32%
right
32%
spirit
32%
swear
32%
used
32%
asleep
30%
doubts
30%
goals
30%
held
30%
our
30%
smell
30%
that's
30%
bed
27%
cannot
27%
father
27%
lifetime
27%
Shared
27%
shared
27%
sleeping
27%
wake
27%
we'd
27%
while
27%
feet
24%
fine
24%
head
24%
I'd
24%
We've
24%
spend
22%
fears
19%
watched
19%
bear
16%
kneeling
14%
Keine übereinstimmenden Quizze gefunden
Verteilung der Resultate
Anzahl Personen mit jedem Resultat
Perzentil nach korrekt beantworteten Fragen
Ihre Resultats-Entwicklung
Sie haben dieses Quiz noch nicht gespielt